000 00310nam a22001217a 4500
008 160513b xxu||||| |||| 00| 0 eng d
020 _a9780910761611
020 _a0910761612
041 _aeng
080 _a611
245 _aNeonatal resuscitation:
_cBy Ronald S. Bloom MD; Catherine Cropley;
942 _2udc
_cBK
999 _c2146
_d2146